[Event "Ivrea op 14th"]
[White "Santia, Andrea"]
[Black "Costabloz, Giammarco"]
[Site "Ivrea"]
[Round "4"]
[Result "0-1"]
[Date "2008.03.16"]
[WhiteElo "1467"]
[BlackElo "1625"]
[PlyCount "48"]
[EventDate "2008.03.14"]
[EventType "swiss"]
[EventRounds "5"]
[EventCountry "ITA"]
[SourceTitle "EXT 2011"]
[Source "ChessBase"]
[SourceDate "2010.11.26"]
[SourceVersion "1"]
[SourceVersionDate "2010.11.26"]
[SourceQuality "1"]

1. d4 Nf6 2. Nc3 d5 3. Nf3 Bg4 4. Ne5 Bf5 5. Bf4 a6 6. e3 e6 7. Be2 Nbd7 8. Ng4 Bxg4 9. Bxg4 Nxg4 10. Qxg4 Nf6 11. Qh4 Be7 12. f3 Ne4 13. Qg4 Nxc3 14. bxc3 0-0 15. Be5 Bf6 16. 0-0 Bxe5 17. dxe5 c5 18. Rfd1 Qa5 19. c4 dxc4 20. Qxc4 Rfd8 21. Rab1 h6 22. Rxd8+ Rxd8 23. Rxb7 Rd1+ 24. Kf2 Qe1# 0-1

[Event "Ivrea op 14th"]
[White "Santia, Andrea"]
[Black "Di Chiara, Mauro"]
[Site "Ivrea"]
[Round "1"]
[Result "0-1"]
[Date "2008.03.14"]
[WhiteElo "1467"]
[BlackElo "1812"]
[PlyCount "86"]
[EventDate "2008.03.14"]
[EventType "swiss"]
[EventRounds "5"]
[EventCountry "ITA"]
[SourceTitle "EXT 2011"]
[Source "ChessBase"]
[SourceDate "2010.11.26"]
[SourceVersion "1"]
[SourceVersionDate "2010.11.26"]
[SourceQuality "1"]

1. d4 d6 2. e4 Nf6 3. Nc3 c6 4. Nf3 Bg4 5. Be2 e6 6. 0-0 d5 7. e5 Nfd7 8. h3 Bxf3 9. Bxf3 Be7 10. Qe2 0-0 11. Be3 c5 12. Rad1 cxd4 13. Bxd4 Nc6 14. Nb5 a6 15. Nc3 Nxd4 16. Rxd4 Qb6 17. Rfd1 Rac8 18. Na4 Qc7 19. c4 Nxe5 20. cxd5 Nxf3+ 21. Qxf3 exd5 22. Rxd5 Rfd8 23. Rxd8+ Rxd8 24. Rxd8+ Qxd8 25. Qxb7 Qd1+ 26. Kh2 Bd6+ 27. g3 Qxa4 28. Qc8+ Bf8 29. a3 Qd4 30. Kg2 a5 31. Qa8 a4 32. h4 Qxb2 33. Qxa4 Qxa3 34. Qe8 Qa7 35. f4 Qb7+ 36. Kh3 h5 37. Kh2 Qf3 38. Qb5 Qf2+ 39. Kh1 Qxg3 40. Qxh5 Qxf4 41. Kg2 Qe4+ 42. Kh3 Qh1+ 43. Kg4 Qd1+ 0-1